00918nam a2200205 a 450000100100000000500170001000800410002702000180006804000250008624501140011125000110022526000380023630000270027450000130030171000520031495201060036695201110047295201120058399900170069500003799320201002031140.0130311s2008 dr a 000 0 spa d a9789945881615 aDO-SdBNPbspacBNPHU03aLo atractivo esta en la forma :buna introducción a las marcas para pequeñas y medianas empresas (PYMEs). a2a ed. aSanto Domingo :b(ONAPI) ,c2008. a35 p. :bil. ;c21 cm. aGuía 21 aOficina Nacional de Propiedad Industrial964401 00107-18PDaPDbPDcOId2013-03-11iLF1l0o p37993-10r2020-06-25w2020-06-25yLFPDZNo se presta 0010728PDaPDbPDcOId2013-03-11iLF1l0o p37993-20r2020-06-25te. 2w2020-06-25yLFPDZNo se presta 00107-18DSaPDbPDcOId2013-03-11iLF1l0o p37993-30r2020-06-25te. 3w2020-06-25yLFDSZNo se presta c37483d37483